000 00394nam a2200169Ia 4500
001 2238
003 IN-NITTTR
005 20251114232927.0
008 251113s9999||||xx |||||||||||||| ||eng||
040 _beng
040 _cIN-NITTTR
041 _aeng
082 _a621.381 L P
100 _aLarach, Simon
245 0 _aPhotoelectronic materials and devices /
_cLarach, Simon
942 _2ddc
_cBK
999 _c3370
_d3370